Billboard Hot 100 #1 Hits of 1970 - Statistics

General Stats
  • This quiz has been taken 11 times
  • The average score is 22 of 52
Answer Stats
Issue Date #1 Hit Artist % Correct
February 28 Bridge Over Troubled Water Simon & Garfunkel
89%
March 7 Bridge Over Troubled Water Simon & Garfunkel
89%
March 14 Bridge Over Troubled Water Simon & Garfunkel
89%
March 21 Bridge Over Troubled Water Simon & Garfunkel
89%
March 28 Bridge Over Troubled Water Simon & Garfunkel
89%
April 4 Bridge Over Troubled Water Simon & Garfunkel
89%
April 25 ABC The Jackson 5
67%
May 2 ABC The Jackson 5
67%
January 3 Raindrops Keep Fallin' On My Head B.J. Thomas
67%
January 10 Raindrops Keep Fallin' On My Head B.J. Thomas
67%
January 17 Raindrops Keep Fallin' On My Head B.J. Thomas
67%
January 24 Raindrops Keep Fallin' On My Head B.J. Thomas
67%
April 11 Let It Be The Beatles
56%
April 18 Let It Be The Beatles
56%
February 7 Venus Shocking Blue
56%
May 9 American Woman / No Sugar Tonight The Guess Who
44%
May 16 American Woman / No Sugar Tonight The Guess Who
44%
May 23 American Woman / No Sugar Tonight The Guess Who
44%
January 31 I Want You Back The Jackson 5
44%
June 13 The Long and Winding Road / For You Blue The Beatles
44%
June 20 The Long and Winding Road / For You Blue The Beatles
44%
July 25 (They Long to Be) Close to You The Carpenters
44%
August 1 (They Long to Be) Close to You The Carpenters
44%
August 8 (They Long to Be) Close to You The Carpenters
44%
August 15 (They Long to Be) Close to You The Carpenters
44%
November 21 I Think I Love You The Partridge Family
33%
November 28 I Think I Love You The Partridge Family
33%
December 5 I Think I Love You The Partridge Family
33%
July 11 Mama Told Me (Not To Come) Three Dog Night
33%
July 18 Mama Told Me (Not To Come) Three Dog Night
33%
December 26 My Sweet Lord / Isn't It a Pity George Harrison
33%
September 19 Ain't No Mountain High Enough Diana Ross
22%
September 26 Ain't No Mountain High Enough Diana Ross
22%
October 3 Ain't No Mountain High Enough Diana Ross
22%
October 10 Cracklin' Rosie Neil Diamond
22%
May 30 Everything Is Beautiful Ray Stevens
22%
June 6 Everything Is Beautiful Ray Stevens
22%
October 17 I'll Be There The Jackson 5
22%
October 24 I'll Be There The Jackson 5
22%
October 31 I'll Be There The Jackson 5
22%
November 7 I'll Be There The Jackson 5
22%
November 14 I'll Be There The Jackson 5
22%
August 22 Make It With You Bread
22%
February 14 Thank You (Falettinme Be Mice Elf Agin) /Everybody Is a Star Sly & the Family Stone
22%
February 21 Thank You (Falettinme Be Mice Elf Agin) /Everybody Is a Star Sly & the Family Stone
22%
June 27 The Love You Save The Jackson 5
22%
July 4 The Love You Save The Jackson 5
22%
December 12 The Tears of a Clown Smokey Robinson & the Miracles
22%
December 19 The Tears of a Clown Smokey Robinson & the Miracles
22%
August 29 War Edwin Starr
22%
September 5 War Edwin Starr
22%
September 12 War Edwin Starr
22%
No matching quizzes found
Score Distribution
Percent of People with Each Score
Percentile by Number Answered
Your Score History
You have not taken this quiz